000 00600nam a2200193Ia 4500
001 22423
003 GE_BSU
008 181216s||||||||xx |||||||||||||| ||und||
040 _cGE_BSU
245 _aВопросы языкознания, №1. Январь-Февраль 2018
245 _cГл.ред.В.А.Плунгян и др.
260 _aМосква
260 _c2018
300 _a158 стр. 24см.
653 _aВопросы языкознания, №1. Январь-Февраль 2018
653 _aПериодика
653 _aპერიოდიკა
942 _cCR
999 _c55345
_d55345